000 00769nam a2200253Ia 4500
003 0100
008 130307s9999 xx 000 0 und d
020 _a0334028418
040 _cARRUPELIB
050 _aBT50.F5313 2002
245 _aRestoring faith in reason
245 _bwith a new translation of the Encyclical letter, Faith and reason of Pope John Paul II : together with a commentary and discussion
260 _aLondon
260 _bSCM Press
260 _c2002
300 _axii
300 _b308 p. 24 cm.
440 _aFaith in reason
650 _aCATHOLIC CHURCH
650 _bFrance - Social life and customs
650 _cItaly - Social life and customs
700 _aHemming, Laurence Paul ; Parsons, Susan Frank (eds.)
942 0 0 _03
999 _c93934
_d93934